000 00210nam a22000857a 4500
999 _c6416
_d6416
008 170526b xxu||||| |||| 00| 0 eng d
020 _a9783468203619
100 _93128
_aKrake.D.
245 _aBild- Wqreterbuch Englisch
260 _aNewyork
_c2003